000 00554nam a2200205Ia 4500
005 20250923144343.0
008 008 250917s9999 xx 000 0 eng d
037 _aTextual
040 _aDSWL
_beng
_cDSWL
041 _aeng
_2eng
084 _aXM25::3:N4, H8
_qDSWL
100 _aBarou, N
_9824008
245 0 _aCoperative movement in labour Britain
_cby N Barou
260 _aLondon
_c1948
300 _a143 p.
365 _aINR
_b7.6
925 _g7.6
942 _cTEXL
_hXM25::3:N4, H8
999 _c1437812
_d1437812